| 000 | 00867nam a22002897a 4500 | ||
|---|---|---|---|
| 003 | CHAP | ||
| 005 | 20220329140742.0 | ||
| 008 | 971013s1904 r 00010 d | ||
| 010 | _a57079 | ||
| 011 | _a58051 | ||
| 035 | _a62206 | ||
| 040 | _cCHAP | ||
| 082 |
_a630 _bS6 |
||
| 100 | 0 | 0 |
_aSolari, Estanislao. _9108380 |
| 245 | _aNaturaleza y efectos del error agrario an la cuestión social moderna | ||
| 260 |
_aSevilla : _b(s.e.), _c1904 |
||
| 300 | _a103 p. | ||
| 490 |
_aBiblioteca Agraria Solariana _v; 14 |
||
| 590 |
_aBATCH-UPD _b10 _c20130110 _lUCH01 _h0013 |
||
| 590 |
_aBATCH-UPD _b10 _c20130110 _lUCH01 _h2109 |
||
| 590 |
_aCONVERSION _b10 _c20130109 _lUCH01 _h1331 |
||
| 650 | 1 | 4 |
_aAgricultura. _91172 |
| 830 | 0 |
_aBiblioteca Agraria Solariana _v; 14 _912223 |
|
| 901 | _aBK | ||
| 942 | _cLIBRO | ||
| 949 |
_a630 S6 _bBC _cBPP _d-133325 _eBPP _h71090 _i62206 _si |
||
| 999 |
_c57079 _d57079 |
||